MARC details
| 000 -LÍDER |
| campo de controle de tamanho fixo |
01332naa a22003497a 4500 |
| 001 - NÚMERO DE CONTROLE |
| campo de controle |
BR7908052 |
| 003 - IDENTIFICADOR DO NÚMERO DE CONTROLE |
| campo de controle |
BR-BrBNA |
| 005 - DATA E HORÁRIO DA ÚLTIMA TRANSAÇÃO |
| campo de controle |
20240918174519.0 |
| 007 - CAMPO FIXO DE DESCRIÇÃO FÍSICA--INFORMAÇÃO GERAL |
| campo de controle de tamanho fixo |
ta |
| 008 - CAMPO DE DADOS FIXOS--INFORMAÇÃO GERAL |
| campo de controle de tamanho fixo |
230509b bl.||||| |||| 00| 0 por d |
| 040 ## - FONTE DA CATALOGAÇÃO |
| Instituição da catalogação original |
BR-BrBNA |
| Idioma da catalogação |
por |
| Instituição que transcreveu o registro |
Biblioteca Nacional de Agricultura |
| 041 ## - CÓDIGO DE IDIOMA |
| Código do idioma do texto/trilha sonora ou título diferente |
(Pt) |
| 072 ## - CÓDIGO DE CATEGORIA DE ASSUNTO |
| Código de Categoria de Assunto |
L30; L36 |
| Código do objeto |
5214 |
| 090 ## - NÚMERO DE CHAMADA LOCAL |
| Número de chamada |
L30 BR7908052 |
| 100 1# - ENTRADA PRINCIPAL--NOME PESSOAL |
| Nome pessoal |
Butolo, J.E. |
| 111 1# - ENTRADA PRINCIPAL--NOME DO EVENTO |
| Nome do evento ou lugar |
2. Simposio sobre Pecuaria Leiteira |
| Local do evento |
Sao Jose dos Campos, SP (Brazil) |
| Data do evento ou assinatura do tratado |
27-29 Nov 1979 |
| 245 1# - TÍTULO |
| Título |
Aproveitamento de produtos nao usuais na alimentacao do gado leiteiro |
| 260 3# - PUBLICAÇÃO, DISTRIBUIÇÃO, ETC. |
| Local de publicação, distribuição, etc. |
Campinas, SP (Brasil): |
| Data da publicação, distribuição, etc. |
1979. |
| 500 ## - NOTA GERAL |
| Nota geral |
Lucci, C. de S.; Moura, J.C. de; Santos, J.M. dos (eds.)<br/>Anais do 2. Simposio sobre Pecuaria Leiteira<br/>Campinas, SP (Brasil): 1979. p. 94-118<br/>(BR7908052-AM)L30<br/> |
| 650 ## - ASSUNTO--TERMO TÓPICO |
| Cabeçalho tópico ou nome geográfico |
GADO LEITEIRO |
| 650 ## - ASSUNTO--TERMO TÓPICO |
| Cabeçalho tópico ou nome geográfico |
NUTRICAO ANIMAL |
| 650 ## - ASSUNTO--TERMO TÓPICO |
| Cabeçalho tópico ou nome geográfico |
NUTRIENTE |
| 650 ## - ASSUNTO--TERMO TÓPICO |
| Cabeçalho tópico ou nome geográfico |
COMPOSICAO QUIMICA |
| 650 ## - ASSUNTO--TERMO TÓPICO |
| Cabeçalho tópico ou nome geográfico |
MATERIA SECA |
| 650 ## - ASSUNTO--TERMO TÓPICO |
| Cabeçalho tópico ou nome geográfico |
PROTEINA |
| 650 ## - ASSUNTO--TERMO TÓPICO |
| Cabeçalho tópico ou nome geográfico |
CELULOSE |
| 650 ## - ASSUNTO--TERMO TÓPICO |
| Cabeçalho tópico ou nome geográfico |
DIGESTIBILIDADE |
| 650 ## - ASSUNTO--TERMO TÓPICO |
| Cabeçalho tópico ou nome geográfico |
GANHO DE PESO |
| 773 0# - ENTRADA ANALÍTICA |
| Título |
Anais do 2. Simposio sobre Pecuaria Leiteira |
| Entrada principal |
Lucci, C. de S.; Moura, J.C. de; Santos, J.M. dos (eds.). Fundacao Cargill, Campinas, SP (Brasil) |
| Número de controle do registro |
L30 BR7908052 |
| Partes relacionadas |
Campinas, SP (Brasil), 1979. p. 94-118 |
| 909 ## - |
| -- |
202404 |
| -- |
Lucia |
| -- |
55 |
| -- |
Lucia Elande |
| 942 ## - ELEMENTOS DE ENTRADA ADICIONADOS (KOHA) |
| Tipo de material Koha |
Capítulo-Livro |
| Fonte da classificação ou esquema de arquivamento na estante |
Classificação AGRIS |